Keeping up with the CRoW Act (Record no. 69936)
[ view plain ]
| 000 -LEADER | |
|---|---|
| fixed length control field | 01542cam a2200241 4500 |
| 001 - CONTROL NUMBER | |
| control field | ABS65287 |
| 008 - FIXED-LENGTH DATA ELEMENTS--GENERAL INFORMATION | |
| fixed length control field | 020408n2002 000 0 eng u |
| 035 ## - SYSTEM CONTROL NUMBER | |
| System control number | (Sirsi) u117394 |
| 100 ## - MAIN ENTRY--PERSONAL NAME | |
| Personal name | Tew, W |
| 245 ## - TITLE STATEMENT | |
| Title | Keeping up with the CRoW Act |
| 260 ## - PUBLICATION, DISTRIBUTION, ETC. | |
| Date of publication, distribution, etc. | 2002 |
| 490 ## - SERIES STATEMENT | |
| Series statement | Farmland Market |
| Volume/sequential designation | (57) March 2002, 12-13(2) |
| 520 ## - SUMMARY, ETC. | |
| Summary, etc. | The date for implementing the Countryside and Rights of Way Act 2000 is not until 2005 but surveyors should be aware that issues need to be addressed now . The mapping process is already under way and landowners may feel the need to challenge what is considered as open land as, in its final version, the map will not be reviewed for 10yrs. Other areas surveyors and landowners need to consider include agreeements between landowners and the Highways or National Park authorites to impose a means of access to open country, the rights landowners (including occupiers) to divert or close rights of way and the statutory right government departments and the Welsh Assembly have on preserving and enhancing biodiversity. Chartered surveyors should advise interested parties to register their views at the earliest possibility. The Act also offers opportunities for earning fees for members involved in rural land management. |
| 590 ## - LOCAL NOTE (RLIN) | |
| Local note | ABS |
| 650 ## - SUBJECT ADDED ENTRY--TOPICAL TERM | |
| Topical term or geographic name entry element | COUNTRYSIDE AND RIGHTS OF WAY ACT 2000 |
| 650 ## - SUBJECT ADDED ENTRY--TOPICAL TERM | |
| Topical term or geographic name entry element | ABOUT RICS-RICS MEMBERS |
| 650 ## - SUBJECT ADDED ENTRY--TOPICAL TERM | |
| Topical term or geographic name entry element | RURAL LAND MANAGEMENT |
| 650 ## - SUBJECT ADDED ENTRY--TOPICAL TERM | |
| Topical term or geographic name entry element | RIGHTS OF WAY |
| 650 ## - SUBJECT ADDED ENTRY--TOPICAL TERM | |
| Topical term or geographic name entry element | PUBLIC ACCESS |
| 650 ## - SUBJECT ADDED ENTRY--TOPICAL TERM | |
| Topical term or geographic name entry element | NATURE CONSERVATION |
| 690 ## - LOCAL SUBJECT ADDED ENTRY--TOPICAL TERM (OCLC, RLIN) | |
| Topical term or geographic name as entry element | Rural |
| 9 (RLIN) | 6268 |
| 942 ## - ADDED ENTRY ELEMENTS (KOHA) | |
| Suppress in OPAC | 0 |
| Withdrawn status | Lost status | Source of classification or shelving scheme | Damaged status | Not for loan | Home library | Current library | Shelving location | Date acquired | Total Checkouts | Full call number | Barcode | Date last seen | Copy number | Price effective from | Koha item type |
|---|---|---|---|---|---|---|---|---|---|---|---|---|---|---|---|
| Dewey Decimal Classification | London | London | Journal article | 08/04/2002 | ABS65287 | 117394-1001 | 06/08/2019 | 1 | 06/08/2019 | Journal article |